MARC

LEADER 00000nam0a2200000 4500
001 311211
005 20231102002350.0
020 |a RU  |b 82-22594ж 
035 |a (RuTPU)RU\TPU\book\336568 
090 |a 311211 
100 |a 20151204a1982 k y0rusy5003 ca 
101 0 |a rus 
102 |a RU 
105 |a a z 001zy 
200 1 |a Геоморфология Монгольской Народной Республики  |e сборник статей  |f Академия наук СССР (АН СССР) ; Академия наук Монгольской Народной Республики (АН МНР) ; под ред. С. С. Коржуева 
210 |a Москва  |c Наука  |d 1982 
215 |a 259 с.  |c ил.  |e 1 л. карт. 
225 1 |a Труды совместной Советско-Монгольской научно-исследовательской геологической экспедиции  |v Вып. 28 
320 |a Библиогр.: с. 249-256 
606 1 |a Геоморфология  |2 stltpush  |3 (RuTPU)RU\TPU\subj\6207  |9 34142 
610 1 |a Монгольская Народная Республика 
610 1 |a полевые исследования 
610 1 |a рельеф местности 
610 1 |a геоморфологические карты 
610 1 |a геоморфологические районф 
610 1 |a история 
610 1 |a палеозой 
610 1 |a мезозой 
610 1 |a палеоген 
610 1 |a палеоген 
675 |a 551.4  |v 3 
702 1 |a Коржуев  |b С. С.  |4 340 
712 0 2 |a Академия наук СССР (АН СССР)  |c (Ленинград/Москва)  |c (1925-1991)  |2 stltpush  |3 (RuTPU)RU\TPU\col\722 
712 0 2 |a Академия наук Монгольской Народной Республики (АН МНР)  |2 stltpush  |3 (RuTPU)RU\TPU\col\8762 
801 0 |a RU  |b RuMRKP  |c 19950704  |g psbo 
801 1 |a RU  |b 63413507  |c 20151204 
801 2 |a RU  |b 63413507  |c 20190930  |g RCR 
942 |c BK